Mathematics of discrete structures for computer science (Registro nro. 314205)

Detalles MARC
000 -ENCABEZADO
Número de control [NR] 00680 a2200205 4500
005 - FECHA Y HORA DE LA ÚLTIMA TRANSACCIÓN
control field 20190925074922.0
008 - DE LONGITUD FIJA DE DATOS DE ELEMENTOS - INFORMACIÓN GENERAL
Elementos de longitud fija [NR] 190925s2012 nyu||||| |||| 00| 0 eng d
020 ## - NUMERO INTERNACIONAL NORMALIZADO PARA LIBROS [R]
Número Internacional Normalizado del libro [NR] 9783642298394
040 ## - FUENTE DE CATALOGACION [NR]
Agencia de catalogación original [NR] CO-BoUCM
Idioma de catalogación [NR] spa
Quien Cataloga Saul Niño
Quien Clasifica Saul Niño
041 0# - CODIGO DE IDIOMA [R]
Código de idioma para texto/pista de sonido o título separado [R] Inglés
100 10 - ASIENTO PRINCIPAL--NOMBRE PERSONAL [NR]
Nombre personal [NR] Pace, Gordon J.
ID Autoridad 98569
245 10 - MENCION DE TITULO [NR]
Título [NR] Mathematics of discrete structures for computer science
Mención de responsabilidad, etc. [NR] Gordon J. Pace
260 ## - PUBLICACION, DISTRIBUCION, ETC. (PIE DE IMPRENTA) [R]
Lugar de publicación, distribución, etc. [R] New York
Nombre del editor, distribuidor, etc. [R] Springer
Fecha de publicación, distribución, etc. [R] 2012
300 ## - DESCRIPCION FISICA [R]
Extensión [R] 293 páginas
650 #7 - ASIENTO SECUNDARIO DE MATERIA - TERMINO TEMATICO [R]
9 (RLIN) 17593
Término temático o nombre geográfico como elemento de entrada [NR] Informática
Subdivisión general [R] Matemáticas
650 #0 - ASIENTO SECUNDARIO DE MATERIA - TERMINO TEMATICO [R]
9 (RLIN) 74000
Término temático o nombre geográfico como elemento de entrada [NR] Algoritmos computacionales
650 #7 - ASIENTO SECUNDARIO DE MATERIA - TERMINO TEMATICO [R]
9 (RLIN) 11337
Término temático o nombre geográfico como elemento de entrada [NR] Computadores
942 ## - ELEMENTOS DE ENTRADA AGREGADOS (KOHA)
Tipo de ítem principal el descrito en 300a Libro
Sistema de clasificación DEWEY
Tema principal Generalidades
Edición 1
Clasificación 004.0151
Parte restante de la signatura top. P115m
Existencias
Fecha de último préstamo Total préstamos Total Renewals Signatura topográfica Código de barras Última vez visto Ejemplar Costo de reposición Price effective from Tipo de ítem Perdido Sistema de clasificación Dañado No prestable Tipo de ítem específico Suprimido Ubicación habitual Ubicación actual Localización Fecha de creación Proveedor Forma de adquisición Costo
03/03/2023 3 3 004.0151 P115m 100163729 03/12/2025 Ej.1 230000.00 19/09/2019 Libro   DEWEY     Libro   Claustro Claustro 4to piso 19/09/2019 26 Compra 230000.00
31/01/2023 2   004.0151 P115m 100163730 03/12/2025 Ej.2 230000.00 19/09/2019 Libro   DEWEY     Libro   Claustro Claustro 4to piso 19/09/2019 26 Compra 230000.00